|
|
|
|
| LEADER |
02203nam a2200577 a 4500 |
| 001 |
nkc20071761817 |
| 003 |
CZ PrNK |
| 005 |
20090312095726.0 |
| 007 |
ta |
| 008 |
071101s2008 xr ab g f 001 0 cze |
| 015 |
|
|
|a cnb001761817
|
| 020 |
|
|
|a 978-80-7352-815-7
|q (brož.)
|
| 035 |
|
|
|a (OCoLC)316673483
|
| 040 |
|
|
|a OLA001
|b cze
|d ABA001
|
| 041 |
1 |
|
|a cze
|h eng
|
| 043 |
|
|
|a i-mf---
|a i-re---
|a i-se---
|
| 072 |
|
7 |
|a 913(6)
|x Geografie Afriky, reálie, cestování
|2 Konspekt
|9 7
|
| 080 |
|
|
|a 913(698.2)
|2 MRF
|
| 080 |
|
|
|a 913(698.1)
|2 MRF
|
| 080 |
|
|
|a 913(696)
|2 MRF
|
| 080 |
|
|
|a (036)913
|2 MRF
|
| 100 |
1 |
|
|a Masters, Tom,
|d 1977-
|7 mzk2006348903
|4 aut
|
| 245 |
1 |
0 |
|a Mauricius, Réunion a Seychely /
|c Tom Masters, Jean-Bernard Carillet ; [překlad Eva Cachová, Milica Kolářová, Daniela Orlando]
|
| 246 |
1 |
4 |
|a Mauricius, Réunion, Seychely
|
| 250 |
|
|
|a 2. české vyd.
|
| 260 |
|
|
|a Praha :
|b Svojtka & Co.,
|c 2008
|
| 300 |
|
|
|a 340 s. :
|b il. (některé barev.), mapy ;
|c 20 cm
|
| 490 |
1 |
|
|a Z řady průvodců Lonely Planet
|
| 500 |
|
|
|a Přeloženo z angličtiny
|
| 500 |
|
|
|a Česko-francouzský slovníček
|
| 500 |
|
|
|a Obsahuje rejstřík
|
| 651 |
|
7 |
|a Mauricius (Maskarény : ostrov)
|7 ge129981
|2 czenas
|
| 651 |
|
7 |
|a Réunion (Maskarény : ostrov)
|7 ge134463
|2 czenas
|
| 651 |
|
7 |
|a Seychely
|7 ge130797
|2 czenas
|
| 651 |
|
9 |
|a Mauritius
|2 eczenas
|
| 651 |
|
9 |
|a Réunion (France)
|2 eczenas
|
| 651 |
|
9 |
|a Seychelles
|2 eczenas
|
| 655 |
|
7 |
|a turistické průvodce
|7 fd133738
|2 czenas
|
| 655 |
|
9 |
|a tourist guidebooks
|2 eczenas
|
| 700 |
1 |
|
|a Carillet, Jean-Bernard
|7 osa2017953912
|4 aut
|
| 700 |
1 |
|
|a Cachová, Eva
|7 xx0075253
|4 trl
|
| 700 |
1 |
|
|a Kolářová, Milica
|7 xx0038369
|4 trl
|
| 700 |
1 |
|
|a Orlando, Daniela,
|d 1977-
|7 xx0075254
|4 trl
|
| 765 |
0 |
|
|t Mauritius, Réunion & Seychelles
|9 Česky
|
| 830 |
|
0 |
|a Z řady průvodců Lonely Planet
|0 s
|
| 856 |
4 |
1 |
|u http://www.digitalniknihovna.cz/mzk/uuid/uuid:41034770-cc88-11e4-8565-005056827e52
|y Digitalizovaný dokument
|x NDK
|
| 910 |
2 |
|
|a BOA001
|b 2-1216.345
|
| 990 |
|
|
|a BK
|
| 995 |
|
|
|a 01
|
| 991 |
|
|
|b 200902
|c NOV
|
| 996 |
6 |
|
|b 2610364989
|c 2-1216.345
|l MZK
|r Sklad / do 1 hodiny
|n 3
|p p.v.
|w 000926439
|u 000010
|a 1
|e BOA001
|j MZK50
|s P
|